The Right Ventricle in Volume or Pressure Overload : Insights from Novel Imaging Techniques.

Bibliographic Details
Main Author: Trzebiatowska-Krzynska, Aleksandra.
Format: eBook
Language:English
Published: Linköping : Linkopings Universitet, 2019.
Edition:1st ed.
Series:Linköping University Medical Dissertations Series
Subjects:
Online Access:Click to View
LEADER 01997nam a22003733i 4500
001 EBC5632076
003 MiAaPQ
005 20240729202202.0
006 m o d |
007 cr cnu||||||||
008 240729s2019 xx o ||||0 eng d
020 |a 9789176851678  |q (electronic bk.) 
035 |a (MiAaPQ)EBC5632076 
035 |a (Au-PeEL)EBL5632076 
035 |a (OCoLC)1083041146 
040 |a MiAaPQ  |b eng  |e rda  |e pn  |c MiAaPQ  |d MiAaPQ 
100 1 |a Trzebiatowska-Krzynska, Aleksandra. 
245 1 4 |a The Right Ventricle in Volume or Pressure Overload :  |b Insights from Novel Imaging Techniques. 
250 |a 1st ed. 
264 1 |a Linköping :  |b Linkopings Universitet,  |c 2019. 
264 4 |c {copy}2019. 
300 |a 1 online resource (85 pages) 
336 |a text  |b txt  |2 rdacontent 
337 |a computer  |b c  |2 rdamedia 
338 |a online resource  |b cr  |2 rdacarrier 
490 1 |a Linköping University Medical Dissertations Series ;  |v v.1653 
505 0 |a Intro -- CONTENTS -- ABSTRACT -- SVENSK SAMMANFATTNING -- LIST OF PAPERS -- ABBREVIATIONS -- Introduction -- Background -- Methodological background -- Statistical analysis -- Aims of the thesis -- RESULTS -- DISCUSSION -- CONCLUSIONS -- GENERAL CONCLUSIONS -- Acknowledgements -- Additional file Figure 23. -- Additional file Figure 24 -- REFERENCES -- Papers. 
588 |a Description based on publisher supplied metadata and other sources. 
590 |a Electronic reproduction. Ann Arbor, Michigan : ProQuest Ebook Central, 2024. Available via World Wide Web. Access may be limited to ProQuest Ebook Central affiliated libraries.  
655 4 |a Electronic books. 
776 0 8 |i Print version:  |a Trzebiatowska-Krzynska, Aleksandra  |t The Right Ventricle in Volume or Pressure Overload  |d Linköping : Linkopings Universitet,c2019 
797 2 |a ProQuest (Firm) 
830 0 |a Linköping University Medical Dissertations Series 
856 4 0 |u https://ebookcentral.proquest.com/lib/matrademy/detail.action?docID=5632076  |z Click to View